Los militares en la sociedad chilena 1891-1970. Relaciones civiles-militares e integración social
Đã lưu trong:
| Tác giả chính: | |
|---|---|
| Định dạng: | Sách |
| Ngôn ngữ: | Tiếng Tây Ban Nha |
| Được phát hành: |
Salamanca
Universidad Pontificia de Salamanca
2006
|
| Những chủ đề: | |
| Các nhãn: |
Thêm thẻ
Không có thẻ, Là người đầu tiên thẻ bản ghi này!
|
MARC
| LEADER | 00000nam a2200000 a 4500 | ||
|---|---|---|---|
| 001 | UCH3641 | ||
| 003 | CL-VaPUC | ||
| 008 | 090813e20060000SP |||||||||||||||||spa|d | ||
| 020 | |a 9563104153 | ||
| 082 | 0 | 4 | |a 355.00983 |b PIU |2 21 |
| 100 | 0 | |a Piuzzi Cabrera, José Miguel |e author |9 539132 | |
| 245 | 1 | 4 | |a Los militares en la sociedad chilena 1891-1970. Relaciones civiles-militares e integración social |
| 300 | |a 144 p | ||
| 942 | |c BK | ||
| 945 | |d 20090813 00:00:00 |a rbrito | ||
| 260 | |a Salamanca |b Universidad Pontificia de Salamanca |c 2006 | ||
| 650 | 0 | |a Militares |9 336881 | |
| 650 | 0 | |a Fuerzas Armadas |9 255504 | |
| 650 | 7 | |a SIGLOS 19-20 |2 CL-VaPUC |9 267705 | |
| 650 | 0 | |a Política |9 255312 | |
| 651 | 7 | |a CHILE |2 CL-VaPUC |9 539133 | |
| 583 | |a last modification |c 20090813 00:00:00 |k Rodrigo Vera | ||
| 999 | |c 335124 |d 335122 | ||
| 952 | |0 0 |1 0 |4 0 |6 355_009830000000000_PIU_2006 |7 0 |8 X |9 424736 |a FDOBUD |b FDOBUD |d 2019-11-22 |i 4587278 |o 355.00983 PIU 2006 |p 4587278 |r 2019-11-22 |w 2019-11-22 |y BK_X |k BUD | ||